00190 a2200085 450000100060000004000240000624000260003024500240005665000240008068544 cAnchieta - Itaigara10aUma amiga diferentel10aUma amiga diferente 4aLiteratura infantil